000 00667nam a2200217Ii 4500
003 JO-AjNU
008 230605s9999||||xx |||||||||||||| ||und||
017 _a1994/6/590
040 _aJO-AjNU
_bara
_erda
_cJO-AjNU
041 _aara
050 1 4 _aK155.A7.M85.1999
100 3 _a المومني ، أحمد سعيد ,
_eauthor
_919476
245 0 0 _aمنهج البحث في الدراسات القانونية
250 _a(د،ط)
264 3 1 _aد ، م : د ، ن ، 1994
300 _a194ص
336 _atext
_btxt
_2rdacontent
337 _aunmediated
_bn
_2rdamedia
338 _avolume
_bnc
_2rdacarrier
650 4 _aالقانون -- أبحاث
_919477
999 _aA6434
_c10002
_d10002